[Event "Open"]
[Site "Portsmouth ENG"]
[Date "2003.02.23"]
[Round "6"]
[White "Povah,N"]
[Black "Wells,P"]
[Result "0-1"]
[WhiteElo "2360"]
[BlackElo "2486"]

1.d4 Nf6 2.Bg5 c5 3.d5 Qb6 4.Nc3 Qxb2 5.Bd2 Qb6 6.e4 d6 7.f4 Qc7 8.Nf3 Bg4
9.Bb5+ Nbd7 10.O-O a6 11.Bxd7+ Nxd7 12.Qe1 Bxf3 13.Rxf3 g6 14.Ne2 Bg7 15.Bc3 Nf6
16.e5 Ne4 17.e6 Nxc3 18.exf7+ Kxf7 19.Nxc3 Raf8 20.Rb1 Qd7 21.Ne4 h6 22.Ng3 b5
23.Qe4 e6 24.Re1 Re8 25.dxe6+ Qxe6 26.Qb7+ Re7 27.Rxe6 Rxb7 28.Rxd6 Re8 29.Rxa6 Bd4+
30.Kh1 Re1+ 31.Nf1 Rbe7 32.f5 g5 33.f6 Rd7 34.g4 c4 35.c3 Bxc3 36.Rxc3 Rxf1+
37.Kg2 Rxf6 38.Rxf6+ Kxf6 39.a4 bxa4 40.Rxc4 Ra7  0-1

[Event "Open"]
[Site "Cappelle la Grande FRA"]
[Date "2003.02.27"]
[Round "7"]
[White "Chernyshov,K"]
[Black "Shneider,A"]
[Result "1-0"]
[WhiteElo "2561"]
[BlackElo "2511"]

1.d4 Nf6 2.Bg5 d5 3.Bxf6 exf6 4.e3 c6 5.Bd3 Be6 6.Ne2 Bd6 7.Nd2 f5 8.c4 Nd7
9.cxd5 cxd5 10.Nc3 Nf6 11.Qa4+ Kf8 12.Nb5 Be7 13.Rc1 a6 14.Nc3 Ne4 15.f3 Nxd2
16.Kxd2 g6 17.h3 b5 18.Qb3 Qd6 19.Ne2 Qb4+ 20.Qxb4 Bxb4+ 21.Kd1 h5 22.Nf4 Ke7
23.h4 Rhc8 24.Ke2 Bd6 25.a3 Kd7 26.Kd2 Rxc1 27.Rxc1 Rc8 28.Rxc8 Kxc8 29.Ne2 Kc7
30.f4 Kb6 31.b4 a5 32.Kc3 Bd7 33.g3 Bc6 34.Kb3 Be7 35.Nc3 axb4 36.axb4  1-0

[Event "Tch-SWE 2002-3"]
[Site "Sweden SWE"]
[Date "2003.03.01"]
[Round "8"]
[White "Fagerstrom,B"]
[Black "Kinnmark,O"]
[Result "0-1"]
[WhiteElo "2112"]
[BlackElo "2364"]

1.d4 Nf6 2.Bg5 g6 3.Bxf6 exf6 4.e3 Bg7 5.Bd3 O-O 6.g4 c5 7.c3 Qb6 8.Qb3 d5
9.Qxb6 axb6 10.h3 Nc6 11.Nd2 c4 12.Bc2 b5 13.Ne2 b4 14.O-O Bh6 15.f4 Re8
16.Kf2 Be6 17.e4 Ra5 18.Rfd1 Rea8 19.Bb1 bxc3 20.bxc3 Rb5 21.f5 gxf5 22.gxf5 dxe4
23.fxe6 e3+ 24.Kf3 exd2 25.exf7+ Kxf7 26.Nf4  0-1

[Event "1st Festival"]
[Site "Nancy FRA"]
[Date "2003.03.04"]
[Round "2"]
[White "Wirig,A"]
[Black "Spielmann,Al"]
[Result "0-1"]
[WhiteElo "2347"]
[BlackElo "2305"]

1.d4 Nf6 2.Bg5 d5 3.Bxf6 exf6 4.e3 Bd6 5.g3 c6 6.Nd2 O-O 7.Bg2 Re8 8.Ne2 Bg4
9.O-O f5 10.Re1 Nd7 11.a3 Nf6 12.c4 Bc7 13.cxd5 Nxd5 14.Nf3 Qf6 15.Qb3 Rab8
16.Nc3 Nxc3 17.Qxc3 Bd6 18.Rac1 Qh6 19.Nd2 Bh3 20.Bf3 Qg6 21.Kh1 h5 22.e4 fxe4
23.Nxe4 h4 24.Rcd1 Rbd8 25.Nc5 Bc8 26.Rxe8+ Rxe8 27.Re1 Rxe1+ 28.Qxe1 Kf8
29.Qe4 Qxe4 30.Nxe4 Bc7 31.gxh4 Bf4 32.b3 Ke7 33.d5 cxd5 34.Nc3 Kd6 35.Nxd5 Bc1
36.Nc3 a6 37.Ne4+ Ke5 38.Nc5 Bxa3 39.Nxb7 Be6 40.Nd8 Bxb3 41.Bb7 Bc4 42.Kg1 Kd6
43.Nxf7+ Bxf7 44.Bxa6 Ke5 45.Bc8 Kf4 46.Bb7 Kg4 47.Bc6 Kxh4 48.Bd7 Bd5 49.Bc8 Bf3
50.Bd7 Bd6 51.Bc8 Bg4 52.Bb7 Bh3 53.Bc6 Bc5 54.Bb7 Kg5 55.Bc6 Kf6 56.Bb7 Ke5
57.Bc6 Kd6 58.Be4 Ke5 59.Bc6 Kd4 60.Bb7 Kc3 61.Bf3 Kd2 62.Bg2 Bf5 63.Bf3 Ke1
64.Kg2 Bxf2 65.Bh5 Bd4 66.Kf3 Be5 67.h4 Kd2 68.Be8 Bd4 69.Kf4 Bd3 70.Bd7 Be3+
71.Kg4 Bh6 72.Be6 Ke3 73.Bc8 Kf2 74.Bb7 Be2+ 75.Kh3 Bf3 76.Bc8 Ke3 77.Kg3 Bf4+
78.Kh3 Be5 79.Bd7 Kf4 80.Ba4 Bg4+  0-1

[Event "Tch-SWE 2002-3"]
[Site "Sweden SWE"]
[Date "2003.03.14"]
[Round "9"]
[White "Eksmyr,J"]
[Black "Welin,T"]
[Result "0-1"]
[WhiteElo "2190"]
[BlackElo "2375"]

1.d4 d5 2.Bg5 Nf6 3.Bxf6 exf6 4.e3 Bd6 5.Ne2 c6 6.Nd2 O-O 7.g3 Nd7 8.Bh3 Re8
9.O-O g6 10.c4 dxc4 11.Nxc4 Bc7 12.Bg2 Nb6 13.Nd2 Be6 14.Nc3 f5 15.Nb3 Bd6
16.Na5 Rb8 17.Rc1 Nd5 18.Nxd5 Bxd5 19.Bxd5 Qxa5 20.Bb3 Re7 21.Qd3 Kg7 22.a3 Rbe8
23.Qc4 Qc7 24.Ba2 h5 25.Rc3 h4 26.Kg2 Re4 27.Qe2 Rxd4 28.Qc2 Rg4 29.f4 hxg3
30.hxg3 Rh8 31.Rd3 Qe7 32.Qc3+ Kg8 33.Qe1 Qe4+  0-1

[Event "TCh-FIN 2002-3"]
[Site "Finland FIN"]
[Date "2003.03.15"]
[Round "8"]
[White "Karttunen,M"]
[Black "Keskisarja,T"]
[Result "1/2-1/2"]
[WhiteElo "2434"]
[BlackElo "2293"]

1.d4 Nf6 2.Bg5 d5 3.e3 e6 4.Bd3 Be7 5.f4 b6 6.Nf3 O-O 7.Ne5 c5 8.Nd2 a5 9.Bxf6 Bxf6
10.O-O Ba6 11.Ndf3 Bxd3 12.Qxd3 Nd7 13.Rad1 c4 14.Qe2 b5 15.Nxd7 Qxd7 16.g4 b4
17.g5 Be7 18.Ne5 Qa4 19.Ra1 f6 20.gxf6 Bxf6 21.Nf3 Qe8 22.Rf2 a4 23.a3 bxa3
24.Rxa3 Qg6+ 25.Rg2 Qe4 26.Qd1 Rfb8 27.Nd2 Qf5 28.Ra2 Be7 29.Nb1 h6 30.Qc1 Ra6
31.Nc3 a3 32.bxa3 Qf8 33.a4 Bb4 34.Nd1 Rba8 35.c3 Bd6 36.Qc2 Qe8 37.f5 Rxa4
38.Rb2 Ra1 39.f6 Qh5 40.Rb1 R1a2 41.Rxg7+ Kf8 42.Nb2 Rb8 43.Qg2 Bxh2+ 44.Qxh2 Qxh2+
45.Kxh2 Raxb2+ 46.Rxb2 Rxb2+ 47.Kg3 Rc2 48.Re7 Rxc3 49.Rxe6 Kf7 50.Re5 Ra3
51.Rxd5 Rxe3+ 52.Kf4 Re6 53.Rc5 Kxf6  1/2-1/2

[Event "TCh-FIN 2002-3"]
[Site "Finland FIN"]
[Date "2003.03.16"]
[Round "9"]
[White "Maki Uuro,Mi"]
[Black "Vooremaa,A"]
[Result "1/2-1/2"]
[WhiteElo "2338"]
[BlackElo "2284"]

1.d4 Nf6 2.Bg5 d5 3.Bxf6 exf6 4.e3 Be6 5.Nd2 c6 6.Bd3 f5 7.Ne2 Nd7 8.Nf4 Bd6
9.Nxe6 fxe6 10.Qh5+ g6 11.Qe2 Qe7 12.c4 Bb4 13.O-O Bxd2 14.Qxd2 Nf6 15.b4 O-O
16.b5 dxc4 17.Bxc4 cxb5 18.Bxb5 e5 19.dxe5 Qxe5 20.Bc4+ Kg7 21.h3 Rac8 22.Rac1 Rc7
23.Bb3 Rfc8 24.Rxc7+ Rxc7 25.Qb4 a5 26.Qa3 b6 27.Qa4 Ne4 28.Rd1 Qb2 29.f3 Qf2+
30.Kh1 Nf6 31.Qf4 Re7 32.Rc1 Qxe3 33.Qxe3 Rxe3 34.Rc7+ Kh6 35.Rb7  1/2-1/2

[Event "Spring Open"]
[Site "Belgrade YUG"]
[Date "2003.03.26"]
[Round "2"]
[White "Zmijanac,D"]
[Black "Zivkovic,Drago"]
[Result "1/2-1/2"]
[WhiteElo "2275"]
[BlackElo "2121"]

1.d4 Nf6 2.Bg5 d5 3.Bxf6 exf6 4.e3 c6 5.Bd3 Qb6 6.b3 Be6 7.Qf3 Bd6 8.Ne2 Nd7
9.O-O Qc7 10.h3 g6 11.c4 Qa5 12.Nbc3 f5 13.cxd5 cxd5 14.Bb5 Rd8 15.a3 O-O
16.b4 Qb6 17.Bxd7 Rxd7 18.Nf4 Bxf4 19.Qxf4 Rc8 20.Rac1 Qa6 21.Nb1 Rc4 22.Nd2 Rxc1
23.Rxc1 Kg7 24.Rc3 f6 25.Nf3 Qe2 26.Rc7 Qd1+ 27.Kh2 Qa4 28.Qd6 Rxc7 29.Qxc7+ Qd7
30.Qb8 a6 31.Ne1 Qc8 32.Qd6 Qd7 33.Qc5 g5 34.Nd3 Qd8 35.f4 h6 36.Kg3 Kg6
37.Kf3 g4+ 38.Kg3 h5 39.h4 Kf7 40.a4 Kg6 41.a5 Qe8 42.Kf2 Bd7 43.Qd6 g3+
44.Ke2 Bb5 45.Qxd5 Qe4  1/2-1/2

[Event "Team Cup"]
[Site "Belgrade YUG"]
[Date "2003.04.04"]
[Round "1"]
[White "Manic,J"]
[Black "Babic,Drag"]
[Result "1-0"]
[WhiteElo "2305"]
[BlackElo "2296"]

1.d4 Nf6 2.Bg5 d5 3.Bxf6 exf6 4.e3 Be6 5.Bd3 Bd6 6.c3 Nd7 7.Nd2 Nb6 8.Qf3 Qd7
9.h3 Na4 10.Rb1 c6 11.Ne2 b5 12.Nf4 g6 13.O-O f5 14.Rfc1 Nb6 15.b3 Nc8 16.c4 Ne7
17.g3 O-O 18.h4 h5 19.Kg2 Rfb8 20.Qe2 a6 21.Nf3 f6 22.Nxe6 Qxe6 23.a4 bxa4
24.bxa4 Ba3 25.Rxb8+ Rxb8 26.Ra1 Rb2 27.Qf1 Bb4 28.Qc1 Rb3 29.cxd5 cxd5 30.Qd1 Rb2
31.Rb1 Rxb1 32.Bxb1 Qc6 33.Ng1 Kg7 34.Ba2 a5 35.Ne2 g5 36.Bb3 Nc8 37.Qh1 Kg6
38.Bd1 Bd6 39.Bb3 Ne7 40.Qb1 Qc7 41.Qd3 Bb4 42.Qb5 Qd8 43.Nc1 Qc8 44.Nd3 Qe6
45.Nxb4 axb4 46.Qxb4 Qe4+ 47.Kg1 gxh4 48.gxh4 f4 49.Qc3 Nf5 50.Bc2 Qf3 51.Qd3 Qg4+
52.Kf1 Qh3+ 53.Ke1  1-0

[Event "National I"]
[Site "Besancon FRA"]
[Date "2003.04.06"]
[Round "6"]
[White "Mensch,E"]
[Black "Banikas,H"]
[Result "0-1"]
[WhiteElo "2337"]
[BlackElo "2542"]

1.d4 Nf6 2.Bg5 d5 3.Bxf6 gxf6 4.e3 c5 5.Nc3 cxd4 6.exd4 h5 7.Nf3 Nc6 8.Bb5 h4
9.h3 Qd6 10.Qe2 Bd7 11.O-O-O e6 12.Kb1 O-O-O 13.Bxc6 Qxc6 14.Ka1 Kb8 15.g4 hxg3
16.fxg3 Rc8 17.Nd2 Bb4 18.Ndb1 Bd6 19.g4 b5 20.Rc1 Bf4 21.Rcf1 Bg5 22.h4 Bxh4
23.Rh3 b4 24.Qh2+ Qc7 25.Qh1 bxc3 26.Nxc3 Qb6 27.Rd1 Rc4 28.Rxh4 Rhc8 29.Qh2+ Ka8
30.Rh8 Be8 31.Qf2 Rb8 32.Rb1 Qxd4 33.Qg3 Qe5 34.Qd3 f5 35.Rh5 Rxg4 36.Qa6 Rgb4
37.Rh3 d4 38.Nd1 Ra4 39.Qf1 Qd5 40.a3 Bb5 41.Qf2 Bc6 42.Qh2 e5 43.Rh8 Bd7
44.Rxb8+ Kxb8 45.Qh8+ Kc7 46.Qf8 Ra5 47.Qe7 Qe6 48.Qf8 f6 49.Nf2 Qd6 50.Qf7 Qe6
51.Qf8 Rb5 52.Rg1 Qd6 53.Qf7 e4 54.Rg7 Rc5 55.Qb3 d3 56.Qa4 a5 57.cxd3 e3
58.Rxd7+ Qxd7 59.Qf4+ Re5  0-1

[Event "FSGM April"]
[Site "Budapest HUN"]
[Date "2003.04.11"]
[Round "7"]
[White "Jakab,A"]
[Black "Ovsejevitsch,S"]
[Result "0-1"]
[WhiteElo "2388"]
[BlackElo "2493"]

1.d4 Nf6 2.Bg5 c5 3.d5 Qb6 4.Bc1 Qa5+ 5.Bd2 Qb6 6.Bc1 e6 7.c4 Qb4+ 8.Nc3 Qxc4
9.e4 Qb4 10.a3 Qb6 11.g4 h6 12.f4 d6 13.g5 hxg5 14.fxg5 Nh5 15.g6 e5 16.gxf7+ Kxf7
17.Bh3 Nd7 18.Nf3 Be7 19.Rg1 c4 20.Be6+ Ke8 21.Qe2 Nc5 22.Qxc4 Qb3 23.Qb5+ Qxb5
24.Nxb5 Bxe6 25.dxe6 Nxe6 26.Ng5 Nxg5 27.Bxg5 Rc8 28.Rd1 Nf6 29.Bxf6 gxf6
30.Rg2 Rc4 31.Nc3 Rh3 32.Ke2 Kf7 33.Rd3 Rxd3 34.Kxd3 Rd4+ 35.Kc2 d5 36.exd5 f5
37.Rd2 Rxd2+ 38.Kxd2 e4 39.Ke3 Bc5+ 40.Kf4 Kf6 41.h4 Bd6+ 42.Ke3 Ke5 43.h5 Bf8
44.Kf2 f4 45.Kg2 a6 46.Kh3 Kd4 47.Kg4 f3 48.Kg3 Bd6+ 49.Kf2 Bf4 50.h6 Bxh6
51.d6 Bf4 52.d7 Bc7 53.Nd1 Kd3 54.a4 Bb6+ 55.Kg3 Bc7+ 56.Kf2 Bd8 57.Kg3 b5
58.axb5 axb5 59.Nf2+ Kd4 60.Ng4 b4 61.b3 Bc7+ 62.Kf2 Kd3 63.Kf1 e3 64.Ke1 e2  0-1

[Event "XXXIV Open"]
[Site "Mar del Plata ARG"]
[Date "2003.04.13"]
[Round "2"]
[White "Stefanova,A"]
[Black "Bibiloni,J"]
[Result "1-0"]
[WhiteElo "2550"]
[BlackElo "2233"]

1.d4 Nf6 2.Bg5 c5 3.d5 e5 4.Nc3 d6 5.Bxf6 gxf6 6.e4 f5 7.Bb5+ Nd7 8.exf5 Qg5
9.Qf3 a6 10.Ne4 Qh6 11.Bxd7+ Bxd7 12.Ne2 O-O-O 13.h4 Rg8 14.g4 f6 15.g5 fxg5
16.hxg5 Qg7 17.N2g3 Qf7 18.O-O-O Kb8 19.Qh5 Rg7 20.f6 Be8 21.fxg7 Qf4+ 22.Rd2 Bxh5
23.g8=Q Bg6 24.Rxh7 Bxe4 25.Nxe4 Qxe4 26.Qf7 Qe1+ 27.Rd1  1-0

[Event "IV IM"]
[Site "Monaco MNC"]
[Date "2003.04.13"]
[Round "7"]
[White "Gallissot,A"]
[Black "Efimov,I"]
[Result "0-1"]
[WhiteElo "2104"]
[BlackElo "2477"]

1.d4 Nf6 2.Bg5 c5 3.c3 Ne4 4.Bc1 e6 5.d5 exd5 6.Qxd5 Nf6 7.Qe5+ Be7 8.Qg3 O-O
9.Bh6 Ne8 10.Nf3 Qb6 11.Bc1 d5 12.Nbd2 Nf6 13.h4 Bd6 14.Ne5 Nc6 15.f4 Qc7
16.Ndf3 Re8 17.Nxc6 bxc6 18.h5 h6 19.Qh2 Bg4  0-1

[Event "Foxwoods Open"]
[Site "Connecticut USA"]
[Date "2003.04.20"]
[Round "6"]
[White "Pixton,A"]
[Black "Fang,J"]
[Result "1-0"]
[WhiteElo "2443"]
[BlackElo "2314"]

1.d4 Nf6 2.Bg5 g6 3.Bxf6 exf6 4.c4 f5 5.Nc3 d6 6.e3 Nd7 7.g3 Nf6 8.Bg2 h5
9.h4 Bh6 10.Nh3 O-O 11.Qd3 Re8 12.O-O c6 13.b4 Ne4 14.Nf4 Qe7 15.a4 Bd7 16.b5 Rad8
17.Rfb1 Bc8 18.a5 g5 19.hxg5 Qxg5 20.bxc6 bxc6 21.Nxe4 fxe4 22.Bxe4 d5 23.cxd5 cxd5
24.Bg2 Bf5 25.Qd1 Bxb1 26.Rxb1 h4 27.gxh4 Qxh4 28.Nxd5 Rb8 29.Rc1 Rb2 30.Qf3 Re6
31.Qf5 Rd2 32.Kf1 Qg5 33.Be4 Qxf5 34.Bxf5 Rd6 35.Ne7+ Kf8 36.Nc6 Rf6 37.Rc5 a6
38.Ne5 Kg7 39.Ng4 Rd6 40.Kg2 Bg5 41.Kg3 Bd8 42.Ne5 Rh6 43.f4 Ra2 44.Nc4 Rh1
45.Bc8 Rha1 46.Bxa6 Bxa5 47.Bb7 Bd8 48.Bd5 Rg1+ 49.Kf3 f5 50.Nd6 Rf1+ 51.Kg3 Rg1+
52.Kh3 Ra7 53.Nxf5+ Kf8 54.Bg2 Ra2 55.Bf3 Ra7 56.Bg2 Ra2 57.Bd5 Ra7 58.Rc6 Rh7+
59.Rh6 Rxh6+ 60.Nxh6 Kg7 61.Ng4 Kg6 62.Be6 Kh5 63.Bf7+  1-0

[Event "7th Neckar Open"]
[Site "Deizisau GER"]
[Date "2003.04.21"]
[Round "9"]
[White "Kanep,M"]
[Black "Landa,K"]
[Result "0-1"]
[WhiteElo "2446"]
[BlackElo "2643"]

1.d4 Nf6 2.Bg5 c5 3.d5 Qb6 4.Nc3 Qxb2 5.Bd2 Qb6 6.e4 e5 7.f4 d6 8.Rb1 Qd8
9.fxe5 dxe5 10.Nf3 Nbd7 11.Be2 g6 12.O-O Bg7 13.Bg5 h6 14.Bh4 O-O 15.d6 b6
16.Nd5 Bb7 17.Ne7+ Kh7 18.Qe1 Re8 19.Ng5+ hxg5 20.Bxg5 Rxe7 21.dxe7 Qxe7
22.Bg4 Qe8 23.Qh4+ Kg8 24.Bxd7 Nxd7 25.Rb3 Ba6 26.Rf2 Qe6 27.Rh3 Qxa2 28.Qh7+ Kf8
29.g4 Qe6 30.Bh6 Bxh6 31.Qxh6+ Ke7 32.Qg5+ Kd6 33.Rhf3 f5 34.exf5 gxf5 35.Rxf5 Rg8
36.Qd2+ Kc7 37.g5 e4 38.Qf4+ Kc8 39.Qe3 Bb7 40.h4 Rh8 41.Qc3 Rd8 42.Qb3 c4
43.Qc3 e3 44.R2f4 Be4 45.Rf7 Bd5 46.R7f5 Be4 47.Rf7 Ne5 48.Rf8 Nf3+ 49.Kg2 Nxg5+
50.Kf1 Qh3+ 51.Ke1 Qg3+ 52.Ke2 Qg2+ 53.Kxe3 Qg3+ 54.Rf3 Bxf3 55.Rxd8+ Kxd8
56.Qf6+ Kd7 57.Qg7+ Ke6 58.Qg6+ Ke5 59.Qe8+ Kf5 60.Qf8+ Kg4 61.hxg5 Qe5+  0-1

[Event "Commonwealth Ch"]
[Site "Mumbai IND"]
[Date "2003.04.21"]
[Round "2"]
[White "Koneru,C"]
[Black "Shetty,R"]
[Result "0-1"]
[WhiteElo "2138"]
[BlackElo "2387"]

1.d4 Nf6 2.Bg5 c5 3.Bxf6 gxf6 4.dxc5 e6 5.Nc3 Bxc5 6.Ne4 d5 7.Nxc5 Qa5+ 8.c3 Qxc5
9.Qd4 Qe7 10.e3 Nc6 11.Qd2 Bd7 12.Nf3 O-O-O 13.O-O-O Kb8 14.Kb1 e5 15.Ka1 Be6
16.Bb5 Qc5 17.Qe2 Rhg8 18.Rhg1 Ne7 19.Ba4 Rd6 20.Nd2 Ra6 21.Nb3 Qc7 22.Bb5 Rb6
23.Bd3 Nc8 24.Bxh7 Rh8 25.Bc2 Rxh2 26.e4 Rd6 27.exd5 Bxd5 28.Qg4 a6 29.f3 Nb6
30.Rh1 Rxh1 31.Rxh1 Nc4 32.Rh8+ Ka7 33.Rc8 Qd7 34.Rxc4 Be6 35.Qe4 Rd1+ 36.Bb1 Rxb1+
37.Qxb1 Bxc4 38.Nc5 Qd5 39.Ne4 f5 40.Ng3 f4 41.Ne4 f5 42.Nf2 Qd2 43.Qg1 Qe3
44.g4 fxg3 45.Nh3 Qxg1+ 46.Nxg1 f4 47.Kb1 Kb6 48.Kc2 Kc5 49.b3 Bf1 50.Kd2 Kd5
51.Ke1 Bd3 52.Kd2 e4 53.fxe4+ Kxe4 54.Ke1 f3 55.Nh3 Ke3  0-1

[Event "3rd CMA Futurity"]
[Site "Montreal CAN"]
[Date "2003.04.24"]
[Round "8"]
[White "Lawson,E"]
[Black "Voskanian,V"]
[Result "1/2-1/2"]
[WhiteElo "2279"]
[BlackElo "2314"]

1.d4 d5 2.Bg5 Nf6 3.Bxf6 exf6 4.e3 c6 5.Bd3 f5 6.Nd2 Qg5 7.g3 Bd6 8.h4 Qe7
9.Qf3 g6 10.Ne2 Nd7 11.O-O-O Nf6 12.c4 dxc4 13.Nxc4 Bc7 14.Nc3 Be6 15.Rhe1 O-O-O
16.Kb1 Qb4 17.a3 Qe7 18.Rc1 Nd5 19.Qe2 Kb8 20.b4 Rhe8 21.Qb2 Nxc3+ 22.Rxc3 Bd5
23.Rec1 Be4 24.Bxe4 Qxe4+ 25.Ka2 Rd5 26.Nd2 Qe6 27.Nb3 a5 28.bxa5 Rxa5 29.Rc4 Ra7
30.Kb1 Bd6 31.Nc5 Bxc5 32.Rxc5 Qe4+ 33.Ka2 Ra6 34.R1c4 Qe6 35.Qb3 Rd8 36.Re5 Qd6
37.Ra4 Rxa4 38.Qxa4 h5 39.Qb4 Kc7 40.Re7+ Rd7 41.Qa5+ Kc8 42.Re8+ Rd8 43.Rxd8+ Qxd8
44.Qxd8+ Kxd8 45.Kb3 Kc7 46.Kc4 Kd6 47.a4 b6 48.f3 f6 49.f4 Kd7 50.Kb4 Kd6
51.Kc4 Kd7 52.Kb4  1/2-1/2

[Event "Commonwealth Ch"]
[Site "Mumbai IND"]
[Date "2003.04.26"]
[Round "9"]
[White "Koneru,C"]
[Black "Akshayraj,K"]
[Result "0-1"]
[WhiteElo "2138"]
[BlackElo "2283"]

1.d4 Nf6 2.Bg5 g6 3.Bxf6 exf6 4.Nf3 f5 5.e3 Bg7 6.Nbd2 O-O 7.Bd3 d5 8.O-O Nd7
9.c3 Re8 10.Re1 c6 11.Qb3 Nf6 12.Rac1 Qe7 13.Qb4 Qc7 14.a3 a5 15.Qb3 a4 16.Qc2 b5
17.Ra1 Ne4 18.Nf1 Bf8 19.N3d2 Bd6 20.f3 Nxd2 21.Qxd2 Bd7 22.e4 fxe4 23.fxe4 dxe4
24.Bxe4 Rad8 25.Qc2 Be6 26.Bf3 Re7 27.g3 Rde8 28.Qg2 c5 29.d5 Bf5 30.Rxe7 Qxe7
31.Rd1 c4 32.Kh1 Bd3 33.Nd2 Kf8 34.h3 Qe5 35.Rg1 Qe3 36.Nf1 Qc1 37.Nh2 Re1
38.Rxe1 Qxe1+ 39.Qg1 Qxg3 40.Qxg3 Bxg3 41.Ng4 Ke7 42.Kg2 Bf4 43.Nf2 Bc1 44.Nxd3 cxd3
45.Kf2 Bxb2 46.Be4 d2 47.Ke2 Bxc3 48.Bd3 b4 49.axb4 Bxb4 50.Bc4 f5 51.Ba2 a3
52.Bb3 f4  0-1

[Event "TCh-ESP"]
[Site "Lanzarote ESP"]
[Date "2003.05.09"]
[Round "4"]
[White "Bellon Lopez,JuM"]
[Black "Damljanovic,B"]
[Result "0-1"]
[WhiteElo "2422"]
[BlackElo "2587"]

1.d4 Nf6 2.Bg5 c5 3.Bxf6 gxf6 4.d5 Qb6 5.Qc1 f5 6.e3 Bg7 7.c3 d6 8.Nh3 Nd7
9.Nf4 Nf6 10.a4 e5 11.dxe6 fxe6 12.Bb5+ Ke7 13.O-O e5 14.Ne2 h5 15.Nd2 Be6
16.Bd3 e4 17.Bb1 Bh6 18.c4 Rag8 19.Nf4 Rg7 20.Rd1 Qd8 21.Nxe6 Kxe6 22.Nf1 Qg8
23.g3 h4 24.Qd2 Rd7 25.Bc2 Ke7 26.b3 Ng4 27.Qd5 Qh7 28.b4 hxg3 29.Nxg3 Bxe3
30.Nxf5+ Kf6 31.h4 Bxf2+ 32.Kg2 Qxf5 33.Qxf5+ Kxf5 34.Rd5+ Kf4 35.h5 Ne3+
36.Kxf2 Nxd5  0-1

[Event "ch-EST"]
[Site "Tallinn EST"]
[Date "2003.05.17"]
[Round "1.1"]
[White "Svirjov,I"]
[Black "Jogi,J"]
[Result "1-0"]
[WhiteElo "2395"]
[BlackElo "2059"]

1.d4 d5 2.Bg5 Nf6 3.Nd2 g6 4.Bxf6 exf6 5.e3 Bg7 6.g3 O-O 7.Bg2 c6 8.Ne2 Bg4
9.h3 Be6 10.O-O Qd7 11.Kh2 Na6 12.Nf4 Rfe8 13.Nxe6 fxe6 14.c4 Nc7 15.Qb3 Rab8
16.Rac1 Kh8 17.h4 e5 18.dxe5 fxe5 19.cxd5 Nxd5 20.Ne4 Nf6 21.Rfd1 Qe6 22.Qa3 Nxe4
23.Bxe4 a6 24.Rd6 Qg4 25.Qd3 Rf8 26.Kg2 Bf6 27.f3 Qh5 28.g4  1-0

[Event "TCh-RUS"]
[Site "Togliatti RUS"]
[Date "2003.05.17"]
[Round "2"]
[White "Roppel,K"]
[Black "Kovalevskaya,E"]
[Result "1/2-1/2"]
[WhiteElo "2287"]
[BlackElo "2447"]

1.d4 Nf6 2.Bg5 d5 3.e3 Nbd7 4.Nf3 g6 5.Nbd2 Bg7 6.Be2 O-O 7.O-O c6 8.c3 Qe8
9.Bf4 h6 10.h3 Ne4 11.Nxe4 dxe4 12.Nd2 f5 13.Nc4 Kh7 14.Bc7 Nf6 15.Be5 Be6
16.Qc2 Rc8 17.b4 Qf7 18.Nd2 Nd5 19.Bxg7 Qxg7 20.c4 Nxb4 21.Qb3 c5 22.d5 Bg8
23.a3 Nd3 24.Bxd3 exd3 25.Qxd3 e6 26.dxe6 Rcd8 27.Qc2 Bxe6 28.Nf3 Bd7 29.Rfd1 Bc6
30.Rxd8 Rxd8 31.Rd1 Re8 32.Nh2 Qf6 33.Qd2 Qg5 34.f4 Qe7 35.Kf2 Qe6 36.Qc3 Qe7
37.Nf3 Bxf3 38.Kxf3 Rd8 39.Rxd8 Qxd8 40.Ke2 b6 41.Qe5 Qd7 42.Qb8 Kg7  1/2-1/2

[Event "Golden Cleopatra"]
[Site "Cairo EGY"]
[Date "2003.06.05"]
[Round "5"]
[White "Shehata,Ak"]
[Black "Abdel Aziem,R"]
[Result "0-1"]
[WhiteElo "2125"]
[BlackElo "2269"]

1.d4 Nf6 2.Bg5 g6 3.Nf3 Bg7 4.Nbd2 d6 5.c3 O-O 6.e3 c6 7.Bd3 Nbd7 8.O-O c5
9.a4 Qc7 10.b4 b6 11.Qb3 Bb7 12.Bh4 e5 13.dxe5 Nxe5 14.Nxe5 dxe5 15.Bxf6 Bxf6
16.Ne4 Be7 17.bxc5 bxc5 18.Rab1 Rab8 19.Qc4 Rbd8 20.Bc2 Bd5 21.Qe2 Qc6 22.f3 Rb8
23.Rfd1 c4 24.Qf2 f5 25.Nd2 Be6 26.Qe2 Rfd8 27.Nf1 Bc5 28.Kh1 Kf7 29.h3 h5
30.Nd2 Be7 31.Kg1 Rb6 32.g4 hxg4 33.hxg4 Rh8 34.Rxb6 axb6 35.Nf1 Qc5 36.Kg2 Qa3
37.Ng3 Kf6 38.Qe1 Qb2 39.Rc1 fxg4 40.Ne4+ Kg7 41.fxg4 Bxg4 42.Kg1 Bh4 43.Qd2 Rd8
44.Rb1 Rxd2 45.Rxb2 Re2 46.Nd6 Bf2+ 47.Kf1 Rd2 48.Ne4 Bh3+  0-1

[Event "4th IECC"]
[Site "Istanbul TUR"]
[Date "2003.06.05"]
[Round "6"]
[White "Moiseenko,A"]
[Black "Hulak,K"]
[Result "1/2-1/2"]
[WhiteElo "2627"]
[BlackElo "2563"]

1.d4 Nf6 2.Bg5 d5 3.Nd2 c6 4.e3 Bf5 5.Bd3 Bxd3 6.cxd3 Nbd7 7.f4 e6 8.Ngf3 Be7
9.O-O O-O 10.e4 Ne8 11.Bxe7 Qxe7 12.Qb3 Rb8 13.Rae1 Nc7 14.f5 exf5 15.exf5 Qd6
16.Ne5 Nb5 17.Nxd7 Qxd7 18.f6 Qg4 19.fxg7 Qxd4+ 20.Kh1 Rfe8 21.Nf3 Rxe1 22.Rxe1 Qf6
23.Qb4 Nd6 24.Re5 h6 25.Qd4 Re8 26.Rxd5 Qxd4 27.Rxd4 Re6 28.Kg1 Kxg7 29.Kf2  1/2-1/2

[Event "IEWCC"]
[Site "Istanbul TUR"]
[Date "2003.06.08"]
[Round "6"]
[White "Zhukova,N"]
[Black "Calotescu,C"]
[Result "1-0"]
[WhiteElo "2448"]
[BlackElo "2334"]

1.d4 Nf6 2.Bg5 g6 3.Bxf6 exf6 4.e3 d5 5.c4 dxc4 6.Bxc4 Bg7 7.Nc3 O-O 8.Nge2 f5
9.h4 c6 10.h5 g5 11.h6 Bf6 12.Qd3 Be6 13.Ng3 Bxc4 14.Qxc4 f4 15.Nge4 Nd7
16.Rh5 Kh8 17.O-O-O b5 18.Qd3 b4 19.Ne2 fxe3 20.fxe3 Be7 21.Kb1 f6 22.N2g3 Nb6
23.Nf5 Nd5 24.Rdh1 a5 25.Nc5 Bxc5 26.dxc5 Qb8 27.Qc4 a4 28.e4 Nc3+ 29.bxc3 bxc3+
30.Kc2 Qb2+ 31.Kd3 Qxg2 32.Kxc3 a3 33.Nd6 Qb2+ 34.Kd3 Ra7 35.Rd1 Qe5 36.Qd4 Qe6
37.Rf1  1-0

[Event "4th IECC"]
[Site "Istanbul TUR"]
[Date "2003.06.08"]
[Round "9"]
[White "Huzman,A"]
[Black "Sutovsky,E"]
[Result "0-1"]
[WhiteElo "2589"]
[BlackElo "2652"]

1.d4 Nf6 2.Bg5 c5 3.d5 Ne4 4.Bc1 e5 5.g3 f5 6.Bg2 d6 7.Nh3 Be7 8.f3 Nf6 9.Nc3 O-O
10.O-O Qe8 11.a4 Na6 12.Nf2 Qg6 13.e4 Nb4 14.Nb5 fxe4 15.fxe4 Ng4 16.c3 Nxf2
17.Rxf2 Rxf2 18.Kxf2 Bg4 19.Qd2 Na6 20.Qc2 Qh5 21.Kg1 Bd1 22.Qd3 c4 23.Qxc4 Be2
24.Qa2 Bd3 25.Be3 Qe2 26.Bf2 Rf8 27.Bxa7 Bg5 28.b4 Be3+ 29.Kh1 Rf1+ 30.Rxf1 Qxa2
31.Bxe3 Bxf1 32.Bxf1 Qb1 33.Kg1 Qxe4 34.Bb6 Qxd5 35.a5 Qd2 36.Bc4+ d5 37.Bf1 d4
38.cxd4 e4  0-1

[Event "IV Open"]
[Site "Lido Estensi ITA"]
[Date "2003.06.13"]
[Round "7"]
[White "Skembris,S"]
[Black "Aldrovandi,A"]
[Result "1-0"]
[WhiteElo "2448"]
[BlackElo "2220"]

1.d4 Nf6 2.Bg5 g6 3.Nc3 d5 4.Bxf6 exf6 5.e4 dxe4 6.Nxe4 Bg7 7.Nf3 O-O 8.Be2 f5
9.Nc5 b6 10.Nb3 a5 11.a4 Be6 12.c3 Bxb3 13.Qxb3 Qe7 14.Kf1 Nd7 15.h4 Nf6
16.Re1 Ne4 17.Bd3 c5 18.Qc2 Rae8 19.dxc5 bxc5 20.h5 Qb7 21.hxg6 hxg6 22.Bb5 Rd8
23.Rh4 Rd6 24.Bd3 Rxd3 25.Qxd3 Qxb2 26.Qe2 Qxc3 27.g4 Qxf3 28.Qxf3 Nd2+ 29.Kg2 Nxf3
30.Kxf3 fxg4+ 31.Rxg4 Bc3 32.Re7 Kg7 33.Rc7 Bb4 34.Re4 Kg8 35.Ree7 Kg7 36.Red7 Kg8
37.Kg4 Kg7 38.f4 Kf6 39.Rc6+ Kg7 40.Ra7 Rd8 41.Rcc7 Rf8 42.Kg5 Kg8 43.Rd7 Kg7
44.Rac7 Kg8 45.Kh6 Ba3 46.Rd3 Bb4 47.Kg5 Re8 48.Rdd7 Rf8 49.f5 gxf5 50.Kxf5 Kg7
51.Rc6 Rh8 52.Rcc7 Rf8 53.Re7 Kg8 54.Red7 Kg7 55.Rd6 Rh8 56.Rg6+ Kf8 57.Rf6 Rh5+
58.Ke4 Rh7 59.Kd3 Kg8 60.Kc4 Rh4+ 61.Kb5 Rh7  1-0

[Event "IEWCC"]
[Site "Istanbul TUR"]
[Date "2003.06.14"]
[Round "11"]
[White "Tkeshelashvili,S"]
[Black "Ciuksyte,D"]
[Result "1-0"]
[WhiteElo "2293"]
[BlackElo "2375"]

1.d4 Nf6 2.Bg5 d5 3.Bxf6 exf6 4.e3 Bd6 5.c4 dxc4 6.Bxc4 f5 7.Nc3 O-O 8.Qf3 Nd7
9.Nge2 Nf6 10.h4 c6 11.Ng3 Qa5 12.O-O Re8 13.Rae1 g6 14.e4 f4 15.e5 Bg4 16.Qxf4  1-0

[Event "White Nights"]
[Site "St Petersburg RUS"]
[Date "2003.07.04"]
[Round "6"]
[White "Chepukaitis,G"]
[Black "Gavrilov,Al1"]
[Result "1-0"]
[WhiteElo "2388"]
[BlackElo "2450"]

1.d4 Nf6 2.Bg5 d5 3.Nd2 Nbd7 4.e3 g6 5.f4 Bg7 6.c3 O-O 7.Bd3 c5 8.Qe2 cxd4
9.exd4 Qc7 10.g3 a6 11.Ngf3 b5 12.O-O Nb6 13.Rfe1 Re8 14.Qg2 Qd6 15.a3 Nc4
16.Bxf6 Qxf6 17.Nb3 Bf5 18.Ne5 Bxd3 19.Nxd3 Qd6 20.Nbc5 a5 21.Qf2 Reb8 22.Kg2 e6
23.h4 h5 24.g4 hxg4 25.h5 gxh5 26.Qh4 b4 27.Qxh5 bxc3 28.bxc3 Rb6 29.Kg3 Rab8
30.Ne5 Nxe5 31.fxe5 Qe7 32.Rf1 Rb2 33.Qxg4 Rc2 34.Rab1 Rxc3+ 35.Kh2 Rc2+
36.Kh1 Rbb2 37.Rxb2 Rxb2 38.Rf3 Kh7 39.Rg3 f5 40.Qg6+ Kh8 41.Rh3+ Kg8 42.Nxe6 Rb1+
43.Kg2 Rb2+ 44.Kf1 Rb1+ 45.Ke2 Rb2+ 46.Kd1 Rb1+ 47.Kc2 Rg1 48.Qh7+ Kf7 49.Qxf5+ Ke8
50.Rc3 Rg2+ 51.Kd1 Qb7 52.Nxg7+  1-0

[Event "31st World Open"]
[Site "Philadelphia USA"]
[Date "2003.07.06"]
[Round "9"]
[White "Reeder,A"]
[Black "Rogers,N"]
[Result "0-1"]
[WhiteElo "2145"]
[BlackElo "2285"]

1.d4 Nf6 2.Bg5 c5 3.d5 Qb6 4.Nc3 d6 5.e4 Bd7 6.Nge2 h6 7.Bd2 g6 8.Ng3 Bg7
9.Bd3 O-O 10.Qc1 e6 11.O-O h5 12.Bh6 h4 13.Nge2 exd5 14.exd5 h3 15.Ng3 hxg2
16.Kxg2 Na6 17.h4 Nb4 18.Bc4 Bxh6 19.Qxh6 Ng4 20.Qf4 Nxc2 21.Rab1 Qb4 22.Nce4 Rae8
23.Nxd6 Nce3+ 24.fxe3 Qd2+ 25.Be2 Nxe3+ 26.Kg1 Nxf1 27.Rxf1 Rxe2 28.Nxe2 Qxe2
29.Ne4 Bf5 30.Nf6+ Kg7 31.Qg5 Rh8 32.Rxf5 Qxb2 33.h5 c4 34.h6+ Kf8 35.Nd7+ Ke8
36.Re5+ Kxd7 37.Qe7+ Kc8 38.Qc5+ Kb8 39.Qd6+ Ka8 40.Qf6 Qc1+ 41.Kf2 Qxh6
42.d6 Rb8 43.Qe7 c3 44.d7 Qd2+ 45.Kf3 c2 46.Rc5 Qd3+ 47.Kg2 Qd2+ 48.Kg3 a6
49.Rxc2 Qd3+ 50.Kg4 Qf5+ 51.Kg3 Qxc2 52.d8=Q Rxd8 53.Qxd8+ Ka7 54.Qd4+ Kb8
55.a4 Qc7+ 56.Kg2 Qc6+ 57.Kf1 f5 58.Qe5+ Ka7 59.Qd4+ Qb6 60.Qc3 f4  0-1